000 01684nam0a2200289 i 4500
001 RU\NLR\BIBL_A\011325076
005 20240921214742.0
010 _a9785946465649
_9500
021 _aRU
_b2017-1910
_9138
035 _a(NLR Aleph) 011325076
090 _a11102412
_c11102412
100 _a20170213d2016 km y0rusy50 ca
101 0 _arus
102 _aRU
105 _aa|||z|||000zy
200 1 _aИнновационные аспекты в развитии регионального машиностроения
_fКовалева Е.Б., Маликова Д.М.
_gРоссийская акдемия наук, Уральское отделение, Федеральное государственное бюджетное учреждение науки Институт экономики
210 _aЕкатеринбург
_cФедеральное государственное бюджетное учреждение науки Институт экономики Уральского отделения Российской академии наук
_d2016
215 _a147 с.
_cил., цв. ил.
_d21
320 _aБиблиогр.: с. 139-146 (70 назв.)
606 1 _aМашиностроительная промышленность
_xИнновации
_92112426
_3RU\NLR\AUTH\661276531
686 1 _aУ30(2)-55
700 1 _7ca
_8rus
_aКовалева
_bЕ. Б.
_cканд. экон. наук
_gЕлена Борисовна
_9156333
_3RU\NLR\AUTH\770156372
701 1 _7ca
_8rus
_aМаликова
_bД. М.
_gДиляра Мансуровна
_9170127
_3RU\NLR\AUTH\770170177
942 _cBOOK
980 _aNBR